| 000 | 00509nam a2200181Ia 4500 | ||
|---|---|---|---|
| 005 | 20250508153127.0 | ||
| 008 | 008 250505s9999 xx 000 0 eng d | ||
| 037 | _aTextual | ||
| 040 |
_aFEDL _beng _cFEDL |
||
| 041 |
_aeng _2eng |
||
| 084 |
_a371.425, MCD _qFEDL |
||
| 100 |
_aMcDaniel H B _9637916 |
||
| 245 | 0 | _aReadings in guidance | |
| 260 |
_aNew York, USA _bHolt, Rinehart and Winston _c1961 |
||
| 300 | _axviii,411p. | ||
| 942 |
_cTEXL _h371.425, MCD |
||
| 999 |
_c1340823 _d1340823 |
||